banner-ar

وطن جميل / (Record no. 44738)

MARC details
000 -الفاتح
حقل البيانات ثابتة الطول 00523nam a2200181Ia 4500
008 - عناصر البيانات ثابتة الطول - معلومات عامة
حقل البيانات ثابتة الطول 140319s9999 xx 000 0 ara d
040 ## - مصدر الفهرسة
وكالة الفهرسة الأصلية GCL /
وكالة النسخ GCL
082 04 - رقم تصنيف ديوى العشرى
رقم التصنيف ط
رقم المادة 811.082
-- ع و
100 1# - المدخل الرئيسى - إسم شخصى
الإسم الشخصى عبدالرازق جبار الربيعى
245 10 - بيان العنوان
العنوان وطن جميل /
بيان المسئوليه,etc عبدالرازق جبار الربيعى
490 ## - بيان السلسلة
عنوان السلسلة السلسلة الشعرية
رقم المجلد/ التعيين التسلسلي 0
650 04 - المدخل الاضافى بالموضوع-مصطلح موضوعى
مصطلح موضوعي الشعر القومى
650 04 - المدخل الاضافى بالموضوع-مصطلح موضوعى
مصطلح موضوعي الاطفال
650 04 - المدخل الاضافى بالموضوع-مصطلح موضوعى
مصطلح موضوعي الشعر
650 04 - المدخل الاضافى بالموضوع-مصطلح موضوعى
مصطلح موضوعي بغداد
942 ## - عناصر المدخل الإضافي( كوها)
مصدر التصنيف او مخطط الترفيف Dewey Decimal Classification
Koha [default] item type كتاب
Holdings
حالة التراجع حالة الفقد حالة تلف ليس للاعارة المكان المؤقت الموقع الحالى تاريخ الاكتساب اجمالي اﻻعارات رقم الطلب الباركود تاريخ اخر مشاهدة تاريخ تفعيل السعر نوع وعاء كوها
        مكتبة القاهرة الكبرى مكتبة القاهرة الكبرى 03/26/2014   ط\811.082\ع و 109225 03/26/2014 03/26/2014 كتاب
        مكتبة القاهرة الكبرى مكتبة القاهرة الكبرى 03/26/2014   ط\811.082\ع و 109226 03/26/2014 03/26/2014 كتاب

Powered By

EGPV